ISAD G: Norma Internacional General de Descripción Archivística
Saved in:
| Corporate Authors: | , , , , , , , |
|---|---|
| Format: | Bog |
| Sprog: | spansk |
| Udgivet: |
Madrid
Subdirección de los Archivos Estatales
2000
|
| Udgivelse: | 2a. ed |
| Fag: | |
| Online adgang: | portada |
| Tags: |
Tilføj Tag
Ingen Tags, Vær først til at tagge denne postø!
|
MARC
| LEADER | 00000nam a2200000 a 4500 | ||
|---|---|---|---|
| 001 | UCJ8853 | ||
| 003 | CL-VaPUC | ||
| 008 | 070124e20000000SP |||||||||||||||||spa|d | ||
| 020 | |a 8436934032 | ||
| 082 | 0 | 4 | |a 025 |b CON |2 21 |
| 110 | 2 | |a Consejo Internacional de Archivos |e author |9 518360 | |
| 710 | 2 | |a International Council on Archives |e author |9 518361 | |
| 710 | 2 | |a Conseil International des Archives |e author |9 518362 | |
| 710 | 2 | |a Comité de normas de descripción |e author |9 518363 | |
| 710 | 2 | |a Ministerio de Educación, Cultura y Deporte |e author |9 518364 | |
| 710 | 2 | |a Secretaria de Estado de Cultura |e author |9 518365 | |
| 710 | 2 | |a Dirección General del Libro, Archivos y Bibliotecas |e author |9 518366 | |
| 710 | 2 | |a Subdirección General de los Archivos Estatales |e author |9 518367 | |
| 245 | 1 | 0 | |a ISAD G: Norma Internacional General de Descripción Archivística |
| 246 | 1 | 0 | |a Segunda edición adoptada por el Comité de Normas de descripción |
| 246 | 1 | 0 | |a Estocolmo, Suecia, 19-22 Septiembre 1999 |
| 250 | |a 2a. ed | ||
| 300 | |a 125 p | ||
| 942 | |c BK | ||
| 945 | |d 20070124 00:00:00 |a fvergara | ||
| 260 | |a Madrid |b Subdirección de los Archivos Estatales |c 2000 | ||
| 500 | |a Esta traducción del texto original inglés sirve únicamente como documento de referencia | ||
| 500 | |a No constituye un documento oficial | ||
| 500 | |a Versión española de Asunción de Navascués Benlloch en colaboración con María dolores Carnicer A., Blanca Desantes F. y Guadalupe Moreno L | ||
| 650 | 0 | |a Archivística |9 490081 | |
| 650 | 0 | |a Normalización |9 262666 | |
| 650 | 0 | |a Glosarios |9 261047 | |
| 650 | 7 | |a DESCRIPCION |2 CL-VaPUC |9 329672 | |
| 650 | 0 | |a Gestión |9 260993 | |
| 650 | 7 | |a TIPOLOGIAS |2 CL-VaPUC |9 518368 | |
| 856 | 7 | |f UCJ8853_01.jpg |u http://opac.pucv.cl/pucv_img/Img-8500/UCJ8853_01.jpg |q JEPG |2 file |z portada | |
| 583 | |a last modification |c 20070124 00:00:00 |k Rodrigo Vera | ||
| 999 | |c 324502 |d 324500 | ||
| 952 | |0 0 |1 0 |4 0 |6 025_000000000000000_CON_2000 |7 0 |8 X |9 404747 |a FDOBUD |b FDOBUD |d 2019-11-22 |i 1084844 |o 025 CON 2000 |p 1084844 |r 2019-11-22 |w 2019-11-22 |y BK_X |k BUD | ||